000 00350nam a2200157Ia 4500
008 220531s9999 xx 000 0 und d
041 _aeng
245 _aWorld Book Ency.vl.17
250 _a1ST
260 _bWorld Book
_c1989
300 _a542
542 _d31-03-2007
650 _aEnglish
_949511
906 _d2006-2007
999 _c28935
_d28935